Durruti en la revolución española / (Record no. 12884)

MARC details
000 -LEADER
campo de control de longitud fija 01174nam a2200313 i 4500
001 - NÚMERO DE CONTROL
campo de control 12884
003 - IDENTIFICADOR DE NÚMERO DE CONTROL
campo de control ES-MaACL
005 - FECHA Y HORA DE LA ÚLTIMA TRANSACCIÓN
campo de control 20250912063033.0
007 - CAMPO FIJO DE DESCRIPCIÓN FÍSICA--INFORMACIÓN GENERAL
campo de control de longitud fija t|
008 - DATOS DE LONGITUD FIJA--INFORMACIÓN GENERAL
campo de control de longitud fija 961010s1996 sp ||||0| spa j
020 ## - NÚMERO INTERNACIONAL ESTÁNDAR DEL LIBRO
Número Internacional Estándar del Libro 84-86864-21-6
040 ## - FUENTE DE CATALOGACIÓN
Centro catalogador/agencia de origen M-BN
Lengua de catalogación spa
Centro/agencia transcriptor M-BN
080 ## - NÚMERO DE LA CLASIFICACIÓN DECIMAL UNIVERSAL
Número de la Clasificación Decimal Universal 929 Durruti, Buenaventura
100 1# - ENTRADA PRINCIPAL--NOMBRE DE PERSONA
Nombre de persona Paz, Abel,
Fechas asociadas al nombre 1921-2009
9 (RLIN) 242234
245 10 - MENCIÓN DEL TÍTULO
Título Durruti en la revolución española /
Mención de responsabilidad, etc. Abel Paz ; introducción de José Luis Gutiérrez Molina.
250 ## - MENCION DE EDICION
Mención de edición 2ª ed. en castellano.
260 ## - PUBLICACIÓN, DISTRIBUCIÓN, ETC.
Lugar de publicación, distribución, etc. Madrid :
Nombre del editor, distribuidor, etc. Fundación de Estudios Libertarios Anselmo Lorenzo,
Fecha de publicación, distribución, etc. 1996.
300 ## - DESCRIPCIÓN FÍSICA
Extensión 773 p., [64] p. de lám ;
Dimensiones 25 cm.
490 1# - MENCIÓN DE SERIE
Mención de serie Biografías y memorias (Fundación Anselmo Lorenzo) ;
Designación de volumen o secuencia 3
RLIN 228224
600 17 - PUNTO DE ACCESO ADICIONAL DE MATERIA--NOMBRE DE PERSONA
Nombre de persona Durruti, Buenaventura,
Fechas asociadas al nombre 1896-1936
Fuente del encabezamiento o término embne
9 (RLIN) 241539
650 #4 - PUNTO DE ACCESO ADICIONAL DE MATERIA--TÉRMINO DE MATERIA
9 (RLIN) 9790
Término de materia o nombre geográfico como elemento de entrada Anarquismo-
Subdivisión geográfica España
700 1# - ENTRADA AGREGADA--NOMBRE PERSONAL
Nombre de persona Gutiérrez Molina, José Luis.
9 (RLIN) 61186
710 2# - ENTRADA AGREGADA--NOMBRE DE ENTIDAD CORPORATIVA
Nombre de entidad corporativa o nombre de jurisdicción como elemento de entrada Fundación Anselmo Lorenzo.
9 (RLIN) 4216
830 0# - PUNTO DE ACCESO ADICIONAL DE SERIE-TÍTULO UNIFORME
Título uniforme Biografías y memorias (Fundación Anselmo Lorenzo) ;
Designación de volumen o secuencia 3
9 (RLIN) 228224
852 ## - LOCALIZACIÓN
Ubicación ES-MaACL
Número de control de estantería L-20237
942 ## - ELEMENTOS DE ENTRADA SECUNDARIOS (KOHA)
Fuente del sistema de clasificación o colocación Clasificación decimal universal
Tipo de ítem Koha Libro impreso
Suprimir en OPAC No
Holdings
Estatus retirado Estado de pérdida Estado de daño No para préstamo Biblioteca de origen Biblioteca actual Ubicación en estantería Fecha de adquisición Fuente de adquisición Total de préstamos Signatura topográfica completa Código de barras Visto por última vez Precio de reemplazo Tipo de ítem Koha
        Biblioteca del Ateneo de Madrid Biblioteca del Ateneo de Madrid Depósito 2 17/01/2008     L-20237 1013123 23/02/2023 23/02/2023 Libro impreso